Elementary circuit properties of transistors (Record no. 23315)

000 -LEADER
fixed length control field 00727nam a22002531 4500
001 - CONTROL NUMBER
control field 23315
003 - CONTROL NUMBER IDENTIFIER
control field BD-DhUET
008 - FIXED-LENGTH DATA ELEMENTS--GENERAL INFORMATION
fixed length control field 730109s1964 nyua b 000 0 eng
040 ## - CATALOGING SOURCE
Original cataloging agency DLC
Transcribing agency DLC
Modifying agency BD-DhUET
082 ## - DEWEY DECIMAL CLASSIFICATION NUMBER
Classification number 623.8151
Item number SEA/19649
100 1# - MAIN ENTRY--PERSONAL NAME
Personal name Searle, Campbell L.
245 10 - TITLE STATEMENT
Title Elementary circuit properties of transistors
250 ## - EDITION STATEMENT
Edition statement 1st ed.
260 ## - PUBLICATION, DISTRIBUTION, ETC. (IMPRINT)
Place of publication, distribution, etc. New York
Name of publisher, distributor, etc. John Wiley & Sons
Date of publication, distribution, etc. 1964
300 ## - PHYSICAL DESCRIPTION
Extent xxi, 306 p.
Other physical details illus
Dimensions 22 cm.
490 ## - SERIES STATEMENT
Series statement Semiconductor electronics education committee books
500 ## - GENERAL NOTE
General note Volume - 3
504 ## - BIBLIOGRAPHY, ETC. NOTE
Bibliography, etc Includes bibliographies
650 #0 - SUBJECT ADDED ENTRY--TOPICAL TERM
Topical term or geographic name as entry element Circuits : Electronics : Engg.
700 ## - ADDED ENTRY--PERSONAL NAME
Personal name Boothroyd, A. R.
700 ## - ADDED ENTRY--PERSONAL NAME
Personal name Angelo, E. J.
700 ## - ADDED ENTRY--PERSONAL NAME
Personal name Gray, Paul E.
942 ## - ADDED ENTRY ELEMENTS (KOHA)
Koha item type General Book
Holdings
Source of classification or shelving scheme Not for loan Location (home branch) Koha full call number Koha date last seen Price effective from Koha item type Copy number Date acquired Koha normalized classification for sorting Shelving location Lost status Damaged status Sublocation or collection (holding branch) Withdrawn status Piece designation (barcode)
  Central Library, BUET623.8151/SEA/19642015-05-032015-05-03General Book12015-05-03623_815100000000000_SEA_1964Circulation section  Central Library, BUET 35735
  Central Library, BUET623.8151/SEA/19642015-05-032015-05-03General Book22015-05-03623_815100000000000_SEA_1964Circulation section  Central Library, BUET 35749
  Central Library, BUET623.8151/SEA/19642015-05-042015-05-04General Book32015-05-04623_815100000000000_SEA_1964Circulation section  Central Library, BUET 16238
  Central Library, BUET623.8151/SEA/19642015-05-042015-05-04General Book42015-05-04623_815100000000000_SEA_1964Circulation section  Central Library, BUET 12507
  Central Library, BUET623.8151/SEA/19642015-05-042015-05-04General Book52015-05-04623_815100000000000_SEA_1964Circulation section  Central Library, BUET 27851
  Central Library, BUET623.8151/SEA/19642015-05-042015-05-04General Book62015-05-04623_815100000000000_SEA_1964Circulation section  Central Library, BUET 43533
  Central Library, BUET623.8151/SEA/19642015-05-042015-05-04General Book72015-05-04623_815100000000000_SEA_1964Circulation section  Central Library, BUET 45010
  Central Library, BUET623.8151/SEA/19642015-05-042015-05-04General Book82015-05-04623_815100000000000_SEA_1964Circulation section  Central Library, BUET 35742
  Central Library, BUET623.8151/SEA/19642015-05-042015-05-04General Book92015-05-04623_815100000000000_SEA_1964Circulation section  Central Library, BUET 33540